Wildland biodiversity management in the tropics: where are we now and where are we going? (Registro nro. 11212)

Detalles MARC
000 -CABECERA
Campo de control 005070000a22001570004500
090 ## - CLASIFICACIÓN LOCAL
Colección AR
Consecutivo 02137
041 0# - IDIOMA
Código de idioma para texto/pista de sonido o título separado
100 1# - ASIENTO PRINCIPAL--NOMBRE PERSONAL
Nombre personal Janzen, Daniel H.
245 10 - MENCION DE TITULO
Título Wildland biodiversity management in the tropics: where are we now and where are we going?
650 14 - ASIENTO SECUNDARIO DE MATERIA - TERMINO TEMATICO
Término temático o nombre geográfico como elemento de entrada Conservación de biodiversidad
650 14 - ASIENTO SECUNDARIO DE MATERIA - TERMINO TEMATICO
Término temático o nombre geográfico como elemento de entrada Problemas ambientales
650 14 - ASIENTO SECUNDARIO DE MATERIA - TERMINO TEMATICO
Término temático o nombre geográfico como elemento de entrada Manejo sostenible
650 14 - ASIENTO SECUNDARIO DE MATERIA - TERMINO TEMATICO
Término temático o nombre geográfico como elemento de entrada Trópicos
773 1# - Item fuente:
Título Vida Silvestre Neotropical
Especificación de materiales 438
Paginas del Articulo 3-15
Lugar, editorial y fecha de publicación 1994
Información sobre la relación 3
942 ## - ELEMENTOS ADICIONALES (KOHA)
Tipo de ítem Artículo
Existencias
Withdrawn status Lost status Damaged status No para préstamo Colección Ubicación Permanente Ubicación actual Fecha de adquisición Datos de publicación Seriada Total Checkouts Número topográfico Inventario / Código de Barras Date last seen Ejemplar Price effective from Forma de adquisición Tipo de material
      No para Préstamo Hemeroteca Bogotá Bogotá 27/02/2015 Fuera de circulación   AR 02137 012520 25/03/2015 1 25/03/2015   Artículo